| 000 | 00440nam a2200145 4500 | ||
|---|---|---|---|
| 001 | 121755 | ||
| 003 | ES-MaACL | ||
| 007 | t| | ||
| 008 | 070214s1909 sp r ||||1| spa d | ||
| 100 | 1 |
_aPlaza y Salazar, Carlos de la. _992638 |
|
| 245 | 1 | 0 |
_aEtimologías vascongadas del castellano / _cpor D. Carlos de la Plaza y Salazar. |
| 260 |
_aBilbao : _bEmeterio Verdes, _c1909. |
||
| 300 |
_a722 p. ; _c19 x 12 cm. |
||
| 852 |
_aES-MaACL _jB-4151 |
||
| 999 |
_c121755 _d121755 |
||